Countries of the World in Their Language - Statistics

General Stats
  • This quiz has been taken 117 times
    105 since last reset
  • The average score is 92 of 196
Answers on the Map
Answers color-coded by a green-red scale on the quiz's map according to % correct below.
 
Answer Stats
Country % Correct
United States / Estados Unidos / États-Unis /‘Amelika Hui Pū ‘ia
92%
Mēxihco / México
91%
Canada
90%
United Kingdom / Y Deyrnas Unedig / Rìoghachd Aonaichte / Ríocht Aontaithe
90%
Ireland / Éire
87%
France
86%
Cuba
84%
Chile
83%
España / Espanya / Espainia
82%
Italia
81%
Piruw / Perú
81%
Argentina
79%
Deutschland
79%
Ecuador
79%
Paraguái / Paraguay
79%
Wuliwya / Volívia / Buliwya / Bolivia
79%
Australia
78%
Brasil
78%
Colombia
78%
Panamá
78%
Portugal
78%
Uruguay
78%
Venezuela
77%
Belize
75%
Guatemala
75%
Guyana
75%
Honduras
75%
Suriname / Sranan
75%
Haïti / Ayiti
74%
Nicaragua
74%
Costa Rica
73%
El Salvador
73%
India / Bharôt / ভাৰত / ভারত / Bhārat / ભારત / भारत / ਭਾਰਤ / Bhārata / ಭಾರತ / Bhāratam / ഭാരതം / भारतम् / Bharôtô / ଭାରତ / Bārata / பாரதம் / Bhāratadēsam / భారత దేశం
73%
New Zealand / Aotearoa
73%
Īrān / ایران
70%
Bahamas
69%
Suid-Afrika / South Africa / iNingizimu Afrika / uMzantsi Afrika / Afrika-Borwa / Aforika Borwa / Afurika Tshipembe / Afrika Dzonga / iSewula Afrika
69%
Mali
68%
Niger
68%
Papua New Guinea / Papua Niugini / Papua Giugini
66%
Suomi / Finland
66%
Jamaica
65%
Nigeria / Nijeriya / Naigeria / Nàìjíríà
65%
Botswana
64%
Lesotho
64%
Pākistān / پاکستان
64%
Zimbabwe
64%
Angola / Ngola
62%
Gaana / Ghana / Gana / Gana
62%
Indonesia
62%
Kenya
62%
Nippon / Nihon / 日本
62%
Sénégal / Senegaal
62%
Tanzania
62%
Togo
62%
Trinidad and Tobago
62%
Bénin
61%
Côte d'Ivoire
61%
Eswatini / eSwatini
61%
Mǎláixīyà / 马来西亚 / Malaysia / மலேசியா
61%
République démocratique du Congo / Republíki ya Kongó / Demokratíki Jamhuri ya Kidemokrasia ya Kongo
61%
République du Congo / Republíki ya Kongó
61%
Saint Vincent and the Grenadines
61%
Sri Lankā / ශ්‍රී ලංකාව / இலங்கை
61%
Việt Nam
61%
Malaŵi / Malawi
60%
Nepāl / नेपाल
60%
Saint Kitts and Nevis
60%
Antigua and Barbuda
58%
Lao / ປະເທດລາວ
58%
Namibia
58%
Philippines / Pilipinas
58%
Rwanda
58%
Saint Lucia
58%
São Tomé e Principe
58%
Tuvalu
58%
Uganda
58%
Zambia
58%
Barbados
57%
Burkina Faso
57%
Burundi / Uburundi
57%
Liberia
57%
Madagascar / Madagasikara
57%
Seychelles / Sesel
57%
Táiwān / 臺灣/台湾 / T’ai-wan / ㄊㄞˊ ㄨㄢ / Tâi-oân / Thòi-vǎn / 中華民國 / Zhōnghuá Mínguó
57%
Vanuatu
57%
Bangladesh / বাংলাদেশ
56%
Fiji / Viti / फ़िजी
56%
Gambia
56%
Grenada
56%
Kiribati
56%
Mauritius / Maurice / Moris
56%
Palau / Belau
56%
Samoa / Sāmoa
56%
Cameroon / Cameroun
55%
Marshall Islands / Aorōkin M̧ajeļ
55%
Myanma / မြန်မာ
55%
Nauru / Naoero
55%
Österreich
55%
România
55%
Tonga
55%
Federated States of Micronesia
53%
Nederland / Nederlân
53%
Norge / Noreg / Norga / Vuodna / Nöörje
53%
Polska
53%
Qazaqstan / Қазақстан / Kazakhstán / Казахстан
53%
Sierra Leone
53%
België / Belgique / Belgien
52%
Ísland
52%
Solomon Islands / Solomon Aelan
52%
Türkiye
52%
Danmark
51%
Luxembourg / Luxemburg / Lëtezebuerg
49%
Moldova
49%
Sverige
49%
Kyrgyzstan / Кыргызстан / Kirgizija / Киргизия
48%
Malta
48%
Qaṭar / قطر
48%
Cabo Verde
47%
Libya / Lībiyā / ليبيا / ⵍⵉⴱⵢⴰ
47%
San Marino
47%
Singapore / Singapura / 新加坡 / சிங்கப்பூர் / Xīnjiāpō
47%
Suisse / Schweiz / Svizzera / Svizra
47%
Jībūtī / جيبوتي / Djibouti / Jabuuti / Gabuuti
45%
Liechtenstein
45%
Türkmenistan
45%
Ukraїna / Україна
45%
Brunei / بروني
44%
Andorra
43%
Monaco / Múnegu
42%
Hellas / Ελλάς / Ellada / Ελλάδα
40%
República Dominicana
39%
South Sudan / Paguot Thudän / Sudan Kusini
38%
Hrvatska
36%
Timor-Leste / Timor Lorosa'e
36%
Eesti
34%
Rossiâ / Россия
34%
Zhōngguó / 中国
34%
Slovensko
31%
Tchad / Tšād / تشاد
30%
Crna Gora / Црна Гора
27%
Guinée / Gine
26%
Slovenija
26%
Bosna I Hercegovína / Босна и Херцеговина
25%
Lietuva
25%
Miṣr / Masr / مصر
25%
Česko / Česká republika
23%
Guinea Ecuatorial / Guinée équatoriale / Guiné Equatorial
23%
Latvija
23%
Magyarország
23%
Srbija / Србија
23%
Kosova / Косово
21%
Wai‘tu kubuli / Dominique / Dominik
19%
Kypros / Κύπρος / Kıbrıs
18%
Shqipëria
18%
Hanguk / 한국 / Namhan / 남한
17%
Mongol Uls / Монгол Улс / ᠮᠤᠩᠭᠤᠯ ᠤᠯᠤᠰ
17%
Bulgariya / Bălgariya / Bălgarija/ България
16%
Comores / Komori / Juzur al-Qamar / جزر القمر
16%
Hayastán / Հայաստան
16%
Kămpŭchéa / កម្ពុជា
16%
Moçambique
16%
Azərbaycan
14%
Bielaruś / Беларусь
13%
Guiné-Bissau
13%
Israʼiyl / إسرائيل / Yisra'el / ישראל
13%
Lubnān / لبنان / Liban
13%
Sak'art'velo / საქართველო
13%
Città del Vaticano / Civitas Vaticana
12%
République Centrafricaine / Ködörösêse tî Bêafrîka
12%
Severna Makedonija / Северна Македонија / Maqedonia e Veriut
10%
Tunes / تونس
10%
Chosŏn / 조선 / Bukchosŏn / 북조선
9%
Dzayer / ⴷⵣⴰⵢⴻⵔ / Al-Jazā'ir / الجزائر
9%
O‘zbekiston / Ўзбекистон
9%
As-Sudan / السودان
8%
‘Umān / عُمان
8%
Afghanestan / افغانستان
6%
Al-'Iraq / العراق
6%
Druk Yul / འབྲུག་ཡུལ
6%
Iritriya / Ertra / إرتريا / ኤርትራ
5%
République gabonaise
5%
Soomaaliya aş-Şūmāl / الصومال
5%
Suriyah / سورية
5%
Tojikistan / Тоҷикистон
5%
Al-Bahrayn / البحرين
4%
Al-Yaman / اليمن
4%
Mueang Thai / Prathet Thai / Ratcha-anachak Thai / เมืองไทย / ประเทศไทย / ราชอาณาจักรไทย
4%
Muritan / Agawec / Mūrītānyā / موريتانيا / ⵎⵓⵔⵉⵜⴰⵏ / ⴰⴳⴰⵡⵛ
4%
Al-‘Arabiyyah as Sa‘ūdiyyah / المملكة العربية السعودية
3%
Al-maɣréb / المغرب / Amerruk / Elmeɣrib / ⴰⵎⵔⵔⵓⴽ / ⵍⵎⵖⵔⵉⴱ
3%
Al-'Urdun / الأردن
3%
Dhivehi Raajje / ދިވެހިރާއްޖެ
3%
Ityop'ia / ኢትዮጵያ
3%
Dawlat ul-Kuwayt / دولة الكويت
1%
Al-’Imārat Al-‘Arabiyyah Al-Muttaḥidah / الإمارات العربيّة المتّحدة
0%
No matching quizzes found
Score Distribution
Percent of People with Each Score
Percentile by Number Answered
Your Score History
You have not taken this quiz since the last reset